| 000 | 00000nam##2200000za#4500 |
| 001 | 9.571641 |
| 003 | CaOODSP |
| 005 | 20211126112844 |
| 007 | cr ||||||||||| |
| 008 | 150406|1996||||xxc|||||o f|0| 0 eng|d |
| 022 | |a1701-9397 |
| 040 | |aCaOODSP|beng |
| 043 | |an-cn--- |
| 086 | 1 |aFB3-2/96-10E-PDF |
| 110 | 2 |aBank of Canada. |
| 245 | 10|aUnit-root tests and excess returns / |h[electronic resource]|c[by] Marie-Josée Godbout and Simon van Norden. |
| 260 | |aOttawa - Ontario : |bBank of Canada |cAugust 1996. |
| 300 | |a34p.|breferences, tables |
| 490 | 1 |aBank of Canada working paper|x1701-9397|v[96-10?] |
| 500 | |aThe ISBN (0-662-25018-4) and ISSN (1192-5434) for the print edition have been incorrectly copied in this electronic publication. |
| 546 | |aRésumé en français. |
| 590 | |a11-19-Supp|b2011-09-23 |
| 720 | 1 |aGodbout, Marie-Josée |
| 720 | 1 |avan Norden, Simon |
| 776 | 0#|tUnit-root tests and excess returns / |w(CaOODSP)9.613318 |
| 830 | #0|aWorking paper (Bank of Canada)|x1701-9397|v[96-10?]|w(CaOODSP)9.504604 |
| 856 | 40|ahttp://publications.gc.ca|qPDF|s82 KB|uhttps://publications.gc.ca/collections/Collection/FB3-2-96-10E.pdf|y[96-10?] |